000 01948nam0a2200349 4500
001 RU\NLR\BIBL_A\011608759
005 20240921191704.0
010 _a9785916924909
_9300
021 _aRU
_b2017-101158
_97293
035 _a(RuMoRGB)009502941
035 _a(NLR Aleph) 011608759
090 _a10924818
_c10924818
100 _a20180129d2017 u y0rusy50 ca
101 0 _arus
102 _aRU
105 _aa|||zzzz0|1yy
200 1 _aДеньги, кредит, банки: региональный аспект
_eучебно-методическое пособие
_fР. Р. Аванесова
_gМинистерство образования и науки Российской Федерации, Федеральное государственное бюджетное образовательное учреждение высшего образования "Адыгейский государственный университет"
210 _aМайкоп
_cИзд-во АГУ
_d2017
215 _a226 с.
_cтабл.
_d20
320 _aБиблиогр.: с. 202-211
606 1 _aДеньги
_jУчебные издания для высших учебных заведений
_yРоссийская Федерация
_92097871
_3RU\NLR\AUTH\661269142
606 1 _aКредит
_jУчебные издания для высших учебных заведений
_yРоссийская Федерация
_92097873
_3RU\NLR\AUTH\661269143
606 1 _aБанки
_jУчебные издания для высших учебных заведений
_yРоссийская Федерация
_92077670
_3RU\NLR\AUTH\661253351
686 _aУ9(2)26я73-14
_2rubbk
686 1 _aУ26(2)26я73
686 1 _aУ26(2)22я73
686 1 _aУ26(2)210я73
700 1 _aАванесова
_bР. Р.
_gРита Рафаэловна
942 _cBOOK
980 _aNBR